Statistiken für Coldplay - Vervollständige den Songtext

Klicken Sie hier um das Quiz zu spielen!

Allgemein

  • Dieses Quiz wurde 170 mal gespielt
  • Das Durchschnittsergebnis liegt bei 5 aus 11

Antwortstatistiken

HintAntwort% Korrekt
Look at the stars
Look how they shine for you
And everything you do
Yeah, they were all ...
yellow
70%
When you try your best, but you don't succeed
When you get what you want, but not ...
what you need
69%
I hear Jerusalem bells a ringing
Roman Cavalry choirs are singing
Be my mirror, my sword and shield
My missionaries in a foreign field

For some reason I can′t explain
I know Saint Peter won't ...
call my name
63%
When she was just a girl she expected the world
But it flew away from her reach
So she ran away in her sleep
Dreamed of para-para-paradise
Para-para-paradise, para-para-paradise
Every time she ...
closed her eyes
61%
Nobody said it was easy
It's such a shame for us to part
Nobody said it was easy
No one ever said it would be this hard
Oh, take me back ...
to the start
44%
You said, "Drink from me, drink from me"
When I was so thirsty
Pour on a symphony
Now I just can't get ...
enough
41%
I′ve been reading books of old
The legends and the myths
Achilles and his gold
Hercules and his gifts
Spider-Man's control
And Batman with ...
his fist
37%
In the night, I lie and look up at you
When the morning comes, I watch you rise
There's a paradise they couldn't capture
That bright infinity inside your ...
eyes
29%
The lights go out and I can't be saved
Tides that I tried to swim against
Have brought me down upon my knees
Oh, I beg, I beg and plead
Singin' come out of things un said
Shoot an apple ..
off my head
20%
Now I feel my heart beating
I feel my heart beneath my skin
I feel my heart beating
Oh, you make me feel
Like I'm ...
alive again
16%
Cause you're a sky, 'cause you're a sky full of stars
I'm gonna give you my heart
'Cause you're a sky, 'cause you're a sky full of stars
'Cause you light up ...
the path
13%

Verteilung der Resultate

Perzentil nach korrekt beantworteten Fragen

Anzahl Personen mit jedem Resultat

Ihre Resultats-Entwicklung

Sie haben dieses Quiz noch nicht gespielt